Advitiya (Hindi) (Record no. 74977)

MARC details
000 -LEADER
fixed length control field 00273nam a22001217a 4500
082 ## - DEWEY DECIMAL CLASSIFICATION NUMBER
Classification number 82-32=214.21
Item number JAJ
100 ## - MAIN ENTRY--AUTHOR NAME
Personal name JAJU, Narayandas
245 ## - TITLE STATEMENT
Title Advitiya (Hindi)
260 ## - PUBLICATION, DISTRIBUTION, ETC. (IMPRINT)
Place of publication Hyderabad
Name of publisher Gita Prakashan
Year of publication 2006
300 ## - PHYSICAL DESCRIPTION
Number of Pages 55p.
500 ## - GENERAL NOTE
General note Hindi stories
942 ## - ADDED ENTRY ELEMENTS (KOHA)
Koha item type Books
Holdings
Withdrawn status Lost status Damaged status Not for loan Home library Current library Date acquired Source of acquisition Full call number Accession Number Koha item type
        RRII Library RRII Library 21/03/2023 Complementary copy from Hindi section, HO, Kottayam 82-32=214.21 JAJ G01694 Books